00807cam a22002411 45000010005000000030008000050050017000130080039000300350018000690400036000870410008001230820021001311000029001522450062001812600029002433000036002725040037003086500026003456500027003719420012003989990015004109520140004257777BD-RjUL20211208234454.0140115s1963 maua b 001 0 eng a(BD-RjUL)7821 aDLC/ICUcICUdDLCdBD-RjULbeng aeng00a512.81bSAA 19631 aSalem, Raphaël.92425110aAlgebraic numbers and Fourier analysis /cRaphaël Salem aBoston :bHeath ,cc1963 a66, [1] p. :bdiagrs. ;c23 cm. aBibliography: p. [67] and index. 0aNumber theory.924253 0aFourier series.924254 2ddccBK c7777d7777 00102ddc40718NFICaRUCLbRUCLcreadingd1968-12-28eZeitlingerg25.60l0o512.81 SAA 1963r2014-01-15 00:00:00tC-1w2014-01-15yBK